MARC details
| 000 -CABECERA |
| campo de control de longitud fija |
02576pam a22004571i 4500 |
| 001 - NÚMERO DE CONTROL |
| campo de control |
991017645339707026 |
| 003 - IDENTIFICADOR DEL NÚMERO DE CONTROL |
| campo de control |
UkOxU |
| 005 - FECHA Y HORA DE LA ÚLTIMA TRANSACCIÓN |
| campo de control |
20260505163705.0 |
| 006 - CÓDIGOS DE INFORMACIÓN DE LONGITUD FIJA--CARACTERÍSTICAS DEL MATERIAL ADICIONAL |
| campo de control de longitud fija |
m || d | |
| 007 - CAMPO FIJO DE DESCRIPCIÓN FÍSICA--INFORMACIÓN GENERAL |
| campo de control de longitud fija |
cr ||||||||||| |
| 008 - DATOS DE LONGITUD FIJA--INFORMACIÓN GENERAL |
| campo de control de longitud fija |
230118s2023 nju ob 001|0|eng|d |
| 015 ## - NÚMERO DE BIBLIOGRAFÍA NACIONAL |
| Número de bibliografía nacional |
GBC321875 |
| Fuente |
bnb |
| 020 ## - NÚMERO INTERNACIONAL ESTÁNDAR DEL LIBRO |
| Número Internacional Estándar del Libro |
9781292449333 |
| Información calificativa |
(PDF ebook): |
| Condiciones de disponibilidad |
Đ51.99 |
| 020 ## - NÚMERO INTERNACIONAL ESTÁNDAR DEL LIBRO |
| ISBN cancelado o inválido |
9781292449364 |
| Información calificativa |
(paperback): |
| Condiciones de disponibilidad |
Đ64.99 |
| 020 ## - NÚMERO INTERNACIONAL ESTÁNDAR DEL LIBRO |
| Número Internacional Estándar del Libro |
9781292449401 |
| Información calificativa |
(ebook): |
| Condiciones de disponibilidad |
Đ38.99 |
| 035 ## - NÚMERO DE CONTROL DEL SISTEMA |
| Número de control de sistema |
023322063-44oxf_inst |
| 035 ## - NÚMERO DE CONTROL DEL SISTEMA |
| Número de control de sistema |
(UkOxU)023322063 |
| 035 ## - NÚMERO DE CONTROL DEL SISTEMA |
| Número de control de sistema |
(Uk)020941704 |
| 037 ## - FUENTE DE ADQUISICIÓN |
| Número de adquisición |
9781292449333 |
| Fuente del número de adquisición |
Pearson UK |
| 040 ## - FUENTE DE LA CATALOGACIÓN |
| Centro catalogador/agencia de origen |
StDuBDS |
| Lengua de catalogación |
eng |
| Normas de descripción |
rda |
| -- |
pn |
| Centro/agencia transcriptor |
StDuBDS |
| Centro/agencia modificador |
Uk |
| 041 ## - CÓDIGO DE LENGUA |
| Código de lengua del texto/banda sonora o título independiente |
English |
| 042 ## - CÃDIGO DE AUTENTICACIÃN |
| Código de autenticación |
ukblsr |
| 100 ## - ENTRADA PRINCIPAL--NOMBRE DE PERSONA |
| Nombre de persona |
Kotler, Philip |
| Término indicativo de función/relación |
author |
| 9 (RLIN) |
1123 |
| 245 10 - MENCIÓN DE TÍTULO |
| Título |
Principles of marketing |
| Mención de responsabilidad, etc. |
/ Philip Kotler, Gary M. Armstrong, Sridhar Balasubramanian. |
| 250 ## - MENCIÓN DE EDICIÓN |
| Mención de edición |
Nineteenth edition |
| 250 ## - MENCIÓN DE EDICIÓN |
| Mención de edición |
Global edition. |
| 264 #1 - PRODUCCIÓN, PUBLICACIÓN, DISTRIBUCIÓN, FABRICACIÓN Y COPYRIGHT |
| Producción, publicación, distribución, fabricación y copyright |
Upper Saddle River : |
| Nombre del de productor, editor, distribuidor, fabricante |
Pearson, |
| Fecha de producción, publicación, distribución, fabricación o copyright |
2023. |
| 300 ## - DESCRIPCIÓN FÍSICA |
| Extensión |
1 online resource. |
| 338 ## - TIPO DE SOPORTE |
| Nombre/término del tipo de soporte |
online resource |
| Fuente |
rdacarrier |
| 500 ## - NOTA GENERAL |
| Nota general |
Previous edition: published as by Philip Kotler, Gary Armstrong, with Marc Oliver Opresnik. 2021. |
| 500 ## - NOTA GENERAL |
| Nota general |
Academic |
| 504 ## - NOTA DE BIBLIOGRAFÍA, ETC. |
| Nota de bibliografía, etc. |
Includes bibliographical references and index. |
| 520 ## - SUMARIO, ETC. |
| Sumario, etc. |
Master the key marketing challenges and see how you can develop meaningful connections with your customers. Principles of Marketing, global edition, 19th edition by Kotler and Armstrong shows you how to create vibrant, interactive communities of consumers in today's fast-changing, increasingly digital and social marketplace. Ideal for students who study marketing courses, this textbook offers a comprehensive overview of the fundamental principles of marketing within an innovative customer-value framework, providing you with the knowledge and resources to create vibrant, interactive communities of consumers who make products and brands an integral part of their daily lives. This latest edition has been revised and enhanced to reflect the major trends impacting contemporary marketing, packed with stories illustrating how companies are using new digital technologies to maximise customer engagement and shape brand conversations, experiences and communities. |
| 630 #0 - PUNTO DE ACCESO ADICIONAL DE MATERIA--TÍTULO UNIFORME |
| Título uniforme |
B1 Discovering Marketing (BiM) |
| 9 (RLIN) |
26597 |
| 650 #0 - PUNTO DE ACCESO ADICIONAL DE MATERIA--TÉRMINO DE MATERIA |
| Término de materia o nombre geográfico como elemento de entrada |
Global Marketing strategy |
| 9 (RLIN) |
503 |
| 700 ## - ENTRADA AGREGADA--NOMBRE PERSONAL |
| Nombre de persona |
Armstrong, Gary |
| Forma completa/desarrollada del nombre |
(Gary M.), |
| Término indicativo de función/relación |
author |
| 700 ## - ENTRADA AGREGADA--NOMBRE PERSONAL |
| Nombre de persona |
Balasubramanian, Sridhar, |
| Término indicativo de función/relación |
author |
| 9 (RLIN) |
24261 |
| 856 ## - LOCALIZACIÓN Y ACCESO ELECTRÓNICOS |
| Identificador Uniforme del Recurso |
<a href="https://bibliotheque.tbs-education.fr/Default/doc/SYRACUSE/3386440/principles-of-marketing-global-edition">https://bibliotheque.tbs-education.fr/Default/doc/SYRACUSE/3386440/principles-of-marketing-global-edition</a> |
| 942 ## - ELEMENTOS DE ENTRADA AGREGADA (KOHA) |
| Fuente del sistema de clasificación o colocación |
Clasificación de Library of Congress |